|
|
|
|
| LEADER |
00000nab a2200000 a 4500 |
| 001 |
vtls000673905 |
| 003 |
SK-MaSNL |
| 005 |
20260302190800.0 |
| 008 |
180206c1998 xo 0 slo |
| 015 |
|
|
|a SNBRB1998/09-23690
|
| 035 |
|
|
|a CLN000026081
|
| 040 |
|
|
|a SNKBUCL
|b slo
|c SNKBUCL
|e AACR2
|
| 041 |
0 |
|
|a slo
|
| 044 |
|
|
|a xo
|c SK
|
| 080 |
|
|
|a 634.8+663.2(437.6)
|2 UDC-MRF-SK2
|
| 080 |
|
|
|a 663.2(437.6)
|2 UDC-MRF-SK2
|
| 100 |
1 |
|
|a Latko, Ján
|4 ain
|9 905343
|
| 245 |
1 |
0 |
|a Víno je komodita, ktorá si zaslúži ochranu domáceho trhu
|b rn hovorili s Ing. Jánom Latkom, CSc., predsedom VVDP Karpaty z Pezinku-Grinavy
|c pripravila Jana Noskovičová
|
| 650 |
0 |
7 |
|a vinohradníctvo
|x vinárstvo
|z Slovensko
|2 snkbucl
|9 905267
|
| 650 |
0 |
7 |
|a vinárstvo
|2 snkbucl
|9 1656
|
| 655 |
|
7 |
|a články z novín a časopisov
|2 snkbucl
|9 267496
|
| 700 |
1 |
|
|a Noskovičová, Jana
|4 upr
|9 892393
|
| 773 |
0 |
|
|t Roľnícke noviny
|g Č. 185 (28.9.1998), s. 4
|
| 850 |
|
|
|a Slovenská národná knižnica v Martine
|
| 852 |
|
|
|a SNK
|b KIS3GCP
|
| 958 |
|
|
|a RBX
|
| 999 |
|
|
|c 1434839
|d 1436769
|